|
|
|
|
| LEADER |
01473nam a22003137a 4500 |
| 001 |
38257 |
| 003 |
BD-DhAAL |
| 008 |
220328t2017 bg a|||| |||| 00| 0aben d |
| 999 |
|
|
|c 43905
|d 43905
|
| 020 |
|
|
|a 9840728394
|
| 040 |
|
|
|a BD-DhAAL
|
| 041 |
|
|
|a ben
|a eng
|
| 082 |
|
|
|a 954.14035092
|
| 100 |
|
|
|a খান, তমিজউদ্দিন
|9 47496
|
| 245 |
|
|
|a কালের পরীক্ষা ও আমার জীবনের দিনগুলি /
|c তমিজউদ্দিন খান ; রাজিয়া খান অনুবাদিত
|
| 246 |
|
|
|a Kaler poriksha o amar jiboner din-guly
|
| 246 |
|
|
|a The test of time :
|b my life and days
|
| 260 |
|
|
|a ঢাকা :
|b ডেইলি স্টার বুকস,
|c ২০১৭.
|
| 300 |
|
|
|a ১৪৩ পৃষ্ঠা :
|b চিত্র ;
|c ২২ সে.মি.
|
| 541 |
|
|
|a Donated By Akbar Ali Khan
|e 38257
|
| 600 |
|
|
|a Khan, Tamizuddin.
|9 47497
|
| 650 |
|
|
|a Politicians
|z Pakistan
|x Biography.
|9 47498
|
| 650 |
|
|
|a Nationalists
|z India
|z Bengal
|x Biography.
|9 47499
|
| 650 |
|
|
|a Muslims
|z India
|z Bengal
|x Biography.
|9 47500
|
| 651 |
|
|
|a Bengal (India)
|x Biography.
|9 47501
|
| 700 |
|
|
|a খান, রাজিয়া
|9 47502
|
| 852 |
|
|
|a Ayesha Abed Library
|c Akbar Ali Khan Collection
|
| 942 |
|
|
|2 ddc
|c BK
|
| 952 |
|
|
|0 0
|1 0
|2 ddc
|4 0
|6 954_140350920000000_KHA
|7 1
|9 70302
|a BRACUL
|b BRACUL
|c AAKC
|d 2022-03-28
|e Donated by Akbar Ali Khan
|l 0
|o 954.14035092 KHA
|p 3010038257
|r 2022-03-28
|t 1
|w 2022-03-28
|y BK
|